00320nam a2200133Ia 4500003000900000008004100009040001300050040001300063245007200076245001100148260001300159300000800172490000600180IT-RoPAU120407s9999 xx 000 0 und d aIT-RoPAU cIT-RoPAU aMelanges. De philosophie africaine. Bibliographie, histoire, essais cAA.VV. aKinshasa c cm v1